All languages of Wikipedia - Statistics

General Stats
  • This quiz has been taken 55 times
  • The average score is 146 of 354
Answer Stats
Number
of
articles
Native language Answer % Correct
7 Mln English English
97%
3 Mln Deutsch German
94%
2.0 Mln Русский Russian
94%
2.0 Mln Español Spanish
94%
2.1 Mln Nederlands Dutch
91%
2.7 Mln Français French
91%
744k Bahasa Indonesia Indonesian
88%
1.9 Mln Italiano Italian
88%
1.4 Mln 日本語 Japanese
88%
722k 한국어 Korean
88%
1.6 Mln Polski Polish
88%
2.6 Mln Svenska Swedish
88%
1.2 Mln Tiếng Việt Vietnamese
88%
604k Suomi Finnish
84%
175k Norsk Norwegian (Nynorsk)
84%
1.1 Mln Português Portuguese
84%
756 Romani čhib Romani
84%
1.3 Mln Українська Ukrainian
84%
126k Afrikaans Afrikaans
81%
781k Català Catalan
81%
1.5 Mln 中文 Chinese
81%
557k Čeština Czech
81%
310k Dansk Danish
81%
185k ქართული Georgian
81%
258k Ελληνικά Greek\
81%
383k עברית Hebrew
81%
137k Latviešu Latvian
81%
223k Lietuvių Lithuanian
81%
516k Română Romanian
81%
461k Srpskohrvatski / Cpпскохрватски Serbo-Croatian
81%
255k Slovenčina Slovak
81%
195k Slovenščina Slovene
81%
647k Türkçe Turkish
81%
227k Hrvatski Croatian
78%
254k Eesti Estonian
78%
62k Gaelilge Irish
78%
11k ភាសាខ្មែរ Khmer
78%
432k Bahasa Melayu Malay
78%
1k ဘာသာမန် Mon
78%
711k Cрпски / Srpski Serbian
78%
48k Tagalog Tagalog
78%
176k ไทย Thai
78%
6k Türkmençe Turkmen
78%
322k հայերեն Armenian
75%
375k Esperanto Esperanto
75%
166k हिन्दी Hindi
75%
561k Magyar Hungarian
75%
60k Íslenska Icelandic
75%
140k Latīnum Latin
75%
78k Lombard Lombard
75%
1 Mln فارسی Persian
75%
26k Sicilianu Sicilian
75%
101k Kiswahili Swahili
75%
232k اردو Urdu
75%
69k Vèneto Venetian
75%
104k Shqip Albanian
72%
207k Azərbaycanca Azerbaijani
72%
472k Euskara Basque
72%
256k Бeларуская Belarusian
72%
176k বাংলা Bengali
72%
90k Kurdî Kurdish (Kurmanji)
72%
78k کوردی Kurdish (Sorani)
72%
155k Mакедонски Macedonian
72%
34k Scots Scots
72%
8k Soomaaliga Somali
72%
43k Igbo Igbo
69%
180k Ladin Ladin
69%
101k Malagasy Malagasy
69%
26k Mонгол Mongolian
69%
90k Occitan Occitan
69%
3k Rumantsch Romansh
69%
273k Simple English Simple English
69%
282k Cymraeg Welsh
69%
35k Yorùbá Yoruba
69%
95k Bosanski Bosnian
66%
146k 粵語 Cantonese
66%
6.1 Mln Cebuano Cebuano
66%
70k Hausa Hausa
66%
74k Jawa Javanese
66%
240k Қазақша Kazakh
66%
5k ລາວ Lao
66%
115k Tоҷикӣ Tajik
66%
503k Tатарча / Tatarça Tatar
66%
306k O'zbekcha /Ўзбекча Uzbek
66%
11k isiZulu Zulu
66%
50k Aragonés Aragonese
63%
137k Asturianu Asturian
63%
305k Български Bulgarian
63%
109k မြန်မာဘာသာ Burmese
63%
59k Ido Ido
63%
76k Kыргызча Kyrgyz
63%
65k Lëtzebuergesch Luxembourgish
63%
7k Malti Maltese
63%
8k Māori Māori
63%
29k नेपाली Nepali
63%
1k Gagana Samoa Samoan
63%
7k Sardu Sardinian
63%
62k Sunda Sundanese
63%
89k Tарашкевіца Belarusian (Taraškievica)
59%
8k Corsu Corsican
59%
30k Interlingua Interlingua
59%
11k Ligure Ligurian
59%
14k Napulitano Neapolitan
59%
20k پښتو Pashto
59%
6k Picard Picard
59%
70k Piemontèis Piedmontese
59%
42k Zazaki Zaza
59%
19k Odia Odia
56%
59k ਪੰਜਾਬੀ Punjabi
56%
177k தமிழ் Tamil
56%
74k پنجابی Western Punjabi
56%
2k isiXhosa Xhosa
56%
15k አማርኛ Amharic
53%
226k Galego Galician
53%
71k Kreyòl ayisyen Haitian Creole
53%
13k Interlingue Interlingue
53%
1k Sesotho Sotho
53%
7k Kernowek Cornish
50%
351 ཇོང་ཁ Dzongkha
50%
1.6 Mln مصرى Egyptian Arabic
50%
14k Føroyskt Faroese
50%
2k lea faka-Tonga Tongan
50%
4k Twi Twi
50%
9k ئۇيغۇرچە / Uyghurche Uyghur
50%
46k 吴语 Wu
50%
89k Brezhoneg Breton
47%
1k Na Vosa Vakaviti Fijian
47%
30k ગુજરાતી Gujarati
47%
2k Hawaiʻi Hawaiian
47%
0 Kanuri Kanuri
47%
29k Kotava Kotava
47%
15k Limburgs Limburgish
47%
4k Lingála Lingala
47%
5k Nouormand Norman
47%
1k Oromoo Oromo
47%
1k Wolof Wolof
47%
15k ייִדיש Yiddish
47%
32k Basa Bali Balinese
44%
1k Bislama Bislama
44%
602k Hохчийн Chechen
44%
3 Hiri Motu Hiri Motu
44%
33k ಕನ್ನಡ Kannada
44%
87k മലയാളം Malayalam
44%
4 Ebon Marshallese
44%
1k Mooré Moore
44%
24k සිංහල Sinhala
44%
949 Xitsonga Tsonga
44%
2k Setswana Tswana
44%
45k Volapük Volapük
44%
6k Võro Võro
44%
3k Gagauzça Gagauz
41%
15k Ilokano Ilocano
41%
8k Ikinyarwanda Kinyarwanda
41%
1k Kongo Kongo
41%
4k Luganda Luganda
41%
3k ދިވެހިބަސް Maldivian
41%
4k Nāhuatl Nahuatl
41%
355 Sängö Sango
41%
11k chiShona Shona
41%
1k SiSwati Swazi
41%
1k Tetum Tetum
41%
1k Tok Pisin Tok Pisin
41%
822 Tshivenda Venda
41%
12k Walon Waloon
41%
5k Aymar Aru Aymara
38%
63k Башҡортca Bashkir
38%
27k Boarisch Bavarian
38%
3k Betawi Betawi
38%
57k Чӑвашла Chuvash
38%
1k Gungbe Gun
38%
10k 客家語 / Hak-kâ-ngî Hakka
38%
1k Patois Jamaican Patois
38%
703 Ikirundi Kirundi
38%
6k Gaelg Manx
38%
8k Sesotho sa Leboa Northern Sotho
38%
20k Nordfriisk North Frisian
38%
4k Ænglisc Old English
38%
19k سنڌي Sindhi
38%
1k Reo Tahiti Tahitian
38%
7k བོད་ཡིག Tibetan
38%
58k Frysk West Frisian
38%
6k Aԥсшәа Abkhaz
34%
13k Acèh Acehnese
34%
0 Qafár af Afar
34%
31k Alemannisch Alemannic
34%
1k ܐܪܡܝܐ Aramaic
34%
3k Aвар Avar
34%
1k Chi-Chewa Chewa
34%
7k эрзянь Erzya
34%
4k Estremeñu Extremaduran
34%
914 Igala Igala
34%
7k کٲشُر Kashmiri
34%
5k Kоми Komi
34%
4k Lingua Franca Nova Lingua Franca Nova
34%
85k Plattdüütsch Low German
34%
100k मराठी Marathi
34%
7k Mокшень Moksha
34%
22k Diné Bizaad Navajo
34%
456 Nupe Nupe
34%
433 Obolo Obolo
34%
21k Ирон Ossetian
34%
10k Pусиньскый Rusyn
34%
16k Gàidhlig Scottish Gaelic
34%
251 isiNdebele seSewula Southern Ndebele
34%
115k తెలుగు Telugu
34%
335 ትግርኛ Tigrinya
34%
5k Удмурт Udmurt
34%
2k Буряад Buryat
31%
20k Bikol Central Central Bikol
31%
1k ᏣᎳᎩ Cherokee
31%
11k Fiji Baat / फ़िजी हिंदी /𑂣𑂺𑂱𑂔𑂲⸱𑂯𑂱𑂁𑂠𑂲 / فجی ہندی Fiji Hindi / Hindustani
31%
3k Ghanaian Pidgin English Ghanaian Pidgin English
31%
0 Otsiherero Herero
31%
6k Taqbaylit Kabyle
31%
10k Qaraqalpaqsha Karakalpak
31%
14k मैथिली Maithili
31%
228k Minangkabau Minangkabau
31%
12k संस्कृतम् Sanskrit
31%
583 Aдыгабзэ Adyghe
28%
558 Chamorru Chamorro
28%
14 Nēhiyawēwin / ᓀᐦᐃᔭᐍᐏᐣ Cree
28%
29k Qırımtatarca Crimean Tatar
28%
11k Fulfulde Fula
28%
5k Avañe'ẽ Guarani
28%
428 Inuktikut / ᐃᓄᒃᑎᑐᑦ Inuktikut
28%
5k Kaszëbsczi Kashubian
28%
1k Lojban Lojban
28%
4k Mirandés Mirandese
28%
0 Dorerin Naoero Nauruan
28%
2k Pangasinan Pangasinan
28%
1k Seediq Seediq
28%
59k Ślůnski Silesian
28%
7k Vepsän kel’ Veps
28%
1.2 Mln Winaray Waray
28%
3k Vahcuengh / 話僮 Zhuang
28%
19k অসমীয়া Assamese
25%
13k Basa Banyumasan Banyumasan
25%
3k Chavacano de Zamboanga Chavacano
25%
2k Dagaare Dagaare
25%
13k Emiliàn e rumagnòl Emilian-Romagnol
25%
3k Fɔ̀ngbè Fon
25%
5k Arpetan Franco-Provençal
25%
6k 贛語 Gan
25%
2k ГӀалгӀай мотт Ingush
25%
10k Kapampangan Kapampangan
25%
3k गोंयची कोंकणी / Gõychi Konknni Konkani
25%
4 Kwanyama Kwanyama
25%
1k Лakky Lak
25%
1k Latgaļu Latgallian
25%
10k الدارجة Moroccan Arabic
25%
0 Norfuk / Pitkern Norfuk
25%
1k Sranantongo Sranan Tongo
25%
3k Tыва дыл Tuvan
25%
1k Tyap Tyap
25%
17k Саха тыла Yakut
25%
1k Eʋegbe Ewe
22%
1k Farefare Farefare
22%
10k Кырык мары Hill Mari
22%
1k Jaku Iban Iban
22%
11k Oлык марий Meadow Mari
22%
1k Novial Novial
22%
2k Deitsch Pennsylvania Dutch
22%
3k Ripoarisch Ripuarian
22%
2k Sakizaya Sakizaya
22%
11k ⵜⴰⵎⴰⵣⵉⵖⵜ ⵜⴰⵏⴰⵡⴰⵢⵜ Tamazight
22%
18k chiTumbuka Tumbuka
22%
0 Ak Akan
19%
2k Atikamekw Atikamekw
19%
898 Bamanankan / ߓߡߊߣߊ߲ Bambara
19%
11k Banjar Banjarese
19%
603 Iñupiatun Iñupiaq
19%
1k Kabɩyɛ Kabiye
19%
2k Къарачай-Малкъар Karachay-Balkar
19%
1k Kʋsaal Kusaal
19%
1k Madhurâ Madurese
19%
2k पालि Pali
19%
433k 閩南語 / Bân-lâm-gí Southern Min
19%
683 Wayuunaiki Wayuu
19%
7k Zeêuws Zeelandic
19%
1k Armãneashti Aromanian
16%
8k भोजपुरी Bhojpuri
16%
16k 閩東語 / Mìng-dĕ̤ng-ngṳ̄ Eastern Min
16%
4k Furlan Friulan
16%
48k گیلکی Gilaki
16%
1k Aдыгэбзэ Kabardian
16%
4k Лезги Lezgian
16%
21k მარგალური Mingrelian
16%
7k Davvisámegiella Northern Sami
16%
656k Norsk Norwegian (Bokmål)
16%
1k словѣньскъ / ⰔⰎⰑⰂⰡⰐⰠⰔⰍⰟ Old Church Slavonic
16%
4k Papiamento Papiamentu
16%
13k ᱥᱟᱱᱛᱟᱲᱤ Santali
16%
24k سرائیکی Saraiki
16%
40 ትግሬ Tigre
16%
14k Hornjoserbsce Upper Sorbian
16%
2k अवधी Awadhi
13%
13k Dagbanli Dagbani
13%
338 Thuɔŋjäŋ Dinka
13%
6k Anarâškielâ Inari Sami
13%
1k Gĩkũyũ Kikuyu
13%
3k Dolnoserbski Lower Sorbian
13%
64k مازِرونی Mazanderani
13%
10k ꯃꯤꯇꯩ ꯂꯣꯟ Meitei
13%
489 Ποντιακά Pontic Greek
13%
4k Seeltersk Saterland Frisian
13%
14k တႆး Shan
13%
1k ꠍꠤꠟꠐꠤ Sylheti
13%
10k Tolışi Talysh
13%
15k Basa Ugi Buginese
9%
1k Kadazandusun Dusun
9%
8k Nedersaksies Dutch Low Saxon
9%
3k Ladino Judaeo-Spanish
9%
3k Перем коми Komi-Permyak
9%
4k Livvinkarjala Livvi-Karelian
9%
1 Mvskoke Muscogee
9%
1k Naijá Nigerian Pidgin
9%
2k Pälzisch Palatine German
9%
2k ပအိုဝ်ႏဘာႏသာႏ Pa'O
9%
17k Žemaitėška Samogitian
9%
10k Taclḥit Shilha
9%
1k Aлтай тил Southern Altai
9%
9k Tarandíne Tarantino
9%
2k ತುಳು Tulu
9%
1k Pangcah Amis
6%
1k अंगिका Angika
6%
2k Tayal Atayal
6%
25k বিষ্ণুপ্রিয়া মণিপুরী Bishnupriya Manipuri
6%
1k Yerwa Kanuri Central Kanuri
6%
724 Tsetsêhestâhese Cheyenne
6%
6 Chahta anumpa Choctaw
6%
13k 文言 Classical Chinese
6%
3k डोटेली Doteli
6%
1k Kriyòl Gwiyannen French Guianese Creole
6%
1k Хальмг Kalmyk Oirat
6%
1k Batak Mandailing Mandailing Batak
6%
1k ߒߞߏ N'ko
6%
3 ꆇꉙ Nuosu
6%
8 Oshiwambo Ovambo
6%
24k Qhichwa Simi Southern Quechua
6%
342 ᥖᥭᥰ ᥖᥬᥲ ᥑᥨᥒᥰ Tai Nuea
6%
13k Արեւմտահայերէն Western Armenian
6%
8k West Flemish West-Vlams
6%
1k Toba Batak Batak Toba
3%
1k Mfantse Fante
3%
14k Bahasa Hulontalo Gurontalo
3%
245 Greenlandic Kalaalisut
3%
2k Kumoring Komering
3%
1k Li Niha Nias
3%
1 لۊری شومالی Northern Luri
3%
373 Pinayuanan Paiwan
3%
876 Pуски Pannonian Rusyn
3%
244k تۆرکجه South Azerbaijani
3%
236 Bajau Sama West Coast Bajau
3%
974 Gothic 𐌲𐌿𐍄𐌹𐍃𐌺
0%
No matching quizzes found
Score Distribution
Percent of People with Each Score
Percentile by Number Answered
Your Score History
You have not taken this quiz